The French Revolution on a Map - Statistics

General Stats
  • This quiz has been taken 34 times
  • The average score is 8 of 50
Answers on the Map
Answers color-coded by a green-red scale on the quiz's map according to % correct below.
 
Answer Stats
Answer % Correct
Palace of Versailles
72%
Storming of the Bastille
66%
Louis XVI
62%
Maximilien Robespierre
55%
Lyon
48%
Franc
41%
Sans-culottes
31%
Ancien régime
28%
Jean-Paul Marat
28%
Cult of the Supreme Being / Cult of Reason
24%
Place de la Concorde
24%
Tennis Court Oath
24%
Flight to Varennes
21%
A Tale of Two Cities
21%
“La Marseillaise”
21%
Marquis de Lafayette
21%
Directory
17%
Paris Commune
17%
Consulate
14%
Émigrés
14%
Jacques Necker
14%
Jean-Jacques Rousseau
14%
Thomas Paine
14%
White Terror
14%
National Assembly
10%
National Convention
10%
Olympe de Gouges
10%
Phrygian cap
10%
Antoine Lavoisier
7%
“Ça Ira”
7%
Château de Saint-Cloud
7%
École Polytechnique
7%
François-Noël Babeuf
7%
Hôtel de Ville
7%
Jacques-Louis David
7%
Louis Antoine de Saint-Just
7%
Adolphe Thiers
3%
August Decrees
3%
Civil Constitution of the Clergy
3%
Conciergerie
3%
Declaration of the Rights of Man and of the Citizen
3%
Insurrection of 10 August 1792
3%
Law of Suspects
3%
Paul Barras
3%
War in the Vendée
3%
13 Vendémiaire
0%
Chouannerie
0%
Coup of 18 Brumaire
0%
Coup of 18 Fructidor
0%
Thermidorian Reaction
0%
No matching quizzes found
Score Distribution
Percent of People with Each Score
Percentile by Number Answered
Your Score History
You have not taken this quiz